| 000 | 00597nam a2200217 a 4500 | ||
|---|---|---|---|
| 020 | _a0815103263 | ||
| 040 | _cNLM | ||
| 082 | 0 | 0 | _a617 BOR 1997 A043 Or. |
| 100 | 1 | _aArnheim, Daniel D. | |
| 245 | 1 | 0 | _aPrinciples of athletic training / |
| 246 | 3 | 0 | _aAthletic training |
| 250 | _a9th ed. | ||
| 260 |
_aMadison, WI : _bBrown & Benchmark, _cc1997. |
||
| 300 |
_axix, 828 p. : _bill. |
||
| 650 | 2 | _aPhysical Education and Training. | |
| 650 | 2 | _aSports Medicine. | |
| 650 | 0 | _aSports medicine. | |
| 650 | 0 | _aPhysical education and training. | |
| 700 | 1 | _aPrentice, William E. | |
| 942 | _cEK | ||
| 999 |
_c12565 _d12565 |
||